Tájekoztató a választók névjegyzékébe való fölvétel iránt
Voľby v Uhorsku. Zoznamy voličov a ich vyhotovenia - podmienky pripísania nových voličov do týchto zoznamov (ročný trvalý pobyt, vzdelanie, odvádzanie pravidelných daní). Uhorsko od 10.07.1914. Humenné od 20. júla 1914.
| Médium: | Článok |
|---|---|
| Jazyk: | Hungarian |
| Témy: | |
| Zdroj: |
1. Felvidéki Hirlap 1. Roč. 7, č. 26 (12.07.1914) s. 2 |
| LEADER | 01037nab#a2200313#ar4500 | ||
|---|---|---|---|
| 001 | 000074548 | ||
| 003 | SVKKK | ||
| 005 | 20041220xxxxxxx. | ||
| 008 | 06 c xo huno | ||
| FMT | |||
| 038 | |a SVKKK | ||
| 040 | |a SVKKK |b slo |e AACR2 | ||
| 041 | 0 | |a hun | |
| 044 | |a xo |c SK | ||
| 080 | |a 323:324 | ||
| 242 | 1 | 0 | |a Usmernenie pri priberaní do zoznamov voličov |
| 245 | 0 | 0 | |a Tájekoztató a választók névjegyzékébe való fölvétel iránt |
| 500 | |a mikrofilm | ||
| 520 | 2 | |a Voľby v Uhorsku. Zoznamy voličov a ich vyhotovenia - podmienky pripísania nových voličov do týchto zoznamov (ročný trvalý pobyt, vzdelanie, odvádzanie pravidelných daní). Uhorsko od 10.07.1914. Humenné od 20. júla 1914. | |
| 650 | 0 | 4 | |a voľby - zoznamy voličov - podmienky - Uhorsko - rok 1914 - správy |
| 773 | 0 | |t Felvidéki Hirlap |g Roč. 7, č. 26 (12.07.1914) s. 2 | |
| 957 | |a Humenné | ||
| 957 | |a Uhorsko | ||
| 958 | |a DG | ||
| 958 | |a SK | ||
| 974 | |a Ba |d 20041220 | ||
| 992 | |a RBX | ||
| BAS | |||
| 998 | |a RETRO | ||